000 00776cab a2200253 4500
001 WB3418-19
008 090401t1998 xxu||||| |||| 00| 0 eng d
035 _a(Sirsi) u86168
041 _aeng
245 _aNorthern Ireland investment
260 _c1998
350 _a0
490 _aFinancial Times
_v12 May 1998, 10(1)
520 _aThe Chancellor has unveiled a £150m investment package for Northern Ireland in an attempt to give the region a financial boost and support the peace process.
650 _aBELFAST HARBOUR
650 _aBELFAST
650 _aINVESTMENT
650 _aNORTHERN IRELAND
650 _aPEACE PROCESS
650 _aREGIONAL DEVELOPMENT
690 _aPROPERTY-PROPERTY FINANCE AND INVESTMENT
942 _n0
948 _c13/05/1998
999 _c54206
_d54206